<?xml version="1.0" encoding="UTF-8"?>
<collection xmlns="http://www.loc.gov/MARC21/slim">
 <record>
  <leader>01307cam a2200241 a 4500</leader>
  <controlfield tag="001">EUN.eunm009533</controlfield>
  <controlfield tag="007">ta</controlfield>
  <controlfield tag="008">080215s2007####ag#####gr#####001#0#spa##</controlfield>
  <controlfield tag="005">20250813075649.0</controlfield>
  <datafield tag="245" ind1="1" ind2="3">
   <subfield code="a">El ente y el bien :</subfield>
   <subfield code="b">preliminares para una metafísica de la dignidad /</subfield>
   <subfield code="c">Jorge Mingarro.</subfield>
  </datafield>
  <datafield tag="250" ind1=" " ind2=" ">
   <subfield code="a">1a ed.</subfield>
  </datafield>
  <datafield tag="260" ind1=" " ind2=" ">
   <subfield code="a">Buenos Aires :</subfield>
   <subfield code="b">Dunken,</subfield>
   <subfield code="c">2007.</subfield>
  </datafield>
  <datafield tag="300" ind1=" " ind2=" ">
   <subfield code="a">202 p. ;</subfield>
   <subfield code="c">23 cm.</subfield>
  </datafield>
  <datafield tag="505" ind1="0" ind2=" ">
   <subfield code="a">Preliminar -- Cap. I. Un deseo de nada -- Cap. II. El valor del sentido de la escritura -- Cap. III. La experiencia de la angustia y el reconocimiento de la dignidad -- Cap. IV. La radical alteridad de la propia dignidad -- Cap. V. La apertura del campo del bien -- Cap. VI. El campo del bien y la ontología -- Cap. VII. La angustia y la producción de lo visible -- Cap. VIII. La desmentida de los hechos -- Cap. IX. La otra nada -- Cap. X. El mundo y el cosmos -- Cap. XI. La dignidad sufriente del otro hombre -- Cap. XII. El corazón de la filosofía -- Epílogo.</subfield>
  </datafield>
  <datafield tag="020" ind1=" " ind2=" ">
   <subfield code="a">978-987-022538-6</subfield>
  </datafield>
  <datafield tag="100" ind1="1" ind2=" ">
   <subfield code="a">Mingarro, Jorge,</subfield>
   <subfield code="d">1949-</subfield>
   <subfield code="e">autor</subfield>
   <subfield code="4">aut</subfield>
  </datafield>
  <datafield tag="080" ind1=" " ind2=" ">
   <subfield code="a">111.1</subfield>
   <subfield code="2">2016</subfield>
  </datafield>
  <datafield tag="082" ind1="0" ind2="4">
   <subfield code="a">110</subfield>
   <subfield code="2">21</subfield>
  </datafield>
  <datafield tag="650" ind1=" " ind2="7">
   <subfield code="a">Metafísica.</subfield>
   <subfield code="2">unbist</subfield>
  </datafield>
  <datafield tag="650" ind1=" " ind2="7">
   <subfield code="a">Filosofía.</subfield>
   <subfield code="2">unbist</subfield>
  </datafield>
  <datafield tag="040" ind1=" " ind2=" ">
   <subfield code="a">AR-BaBN</subfield>
   <subfield code="b">spa</subfield>
   <subfield code="c">AR-BaBN</subfield>
   <subfield code="e">aacr</subfield>
   <subfield code="d">AR-BaUNS</subfield>
  </datafield>
  <datafield tag="044" ind1=" " ind2=" ">
   <subfield code="a">ag</subfield>
   <subfield code="c">ar-c</subfield>
  </datafield>
  <datafield tag="859" ind1=" " ind2=" ">
   <subfield code="a">AR-BaUNS</subfield>
   <subfield code="b">BIB. CENTRAL - Sector A</subfield>
   <subfield code="h">110</subfield>
   <subfield code="i">M663-2</subfield>
   <subfield code="p">129012/025</subfield>
  </datafield>
 </record>
</collection>
